000 01302 a2200277 4500
003 Nust
005 20170207154023.0
010 _a 99056352
020 _a0471317799 (alk. paper)
040 _cNust
082 0 0 _a621.382
100 1 _aSimon, Marvin Kenneth,
245 1 0 _aDigital communication over fading channels :
_ba unified approach to performance analysis (E-Book)
_cMarvin K. Simon, Mohamed-Slim Alouini.
260 _aNew York :
_bJohn Wiley & Sons,
_cc2000.
300 _axix, 544 p. :
_bill. ;
_c25 cm.
440 0 _aWiley series in telecommunications and signal processing
505 _aFundamentals (Page-1) Mathematical Tools (Page-69) Optimum Reception and Performance (Page-157) Application in Practical Communication (Page-437) Further Extension (Page-497)
610 _aTelecommunication engineering.
650 0 _aDigital communications
_xReliability
_xMathematics.
650 0 _aRadio
_xTransmitters and transmission
_xFading.
651 _a(E-Book)
700 1 _aAlouini, Mohamed-Slim.
856 4 2 _3Contributor biographical information
_uhttp://www.loc.gov/catdir/bios/wiley043/99056352.html
856 4 2 _3Publisher description
_uhttp://www.loc.gov/catdir/description/wiley035/99056352.html
856 4 2 _3Table of Contents
_uhttp://www.loc.gov/catdir/toc/onix06/99056352.html
942 _2ddc
_cBK
999 _c191750
_d191750